[Event "Let's Play Chess!"]
[Site "http://www.queenalice.com/game.php?id=1103682"]
[Date "2012.9.17"]
[Round "-"]
[White "Andre_ssp"]
[Black "juaox9"]
[Result "0-1"]
[WhiteElo "1824"]
[BlackElo "1931"]

1. e4 c5 2. Bc4 e6 3. e5 Nc6 4. c3 Nxe5 5. d4 Nxc4 6. Qe2 d5 7. b3 Nb6 8. Nf3
Nf6 9. dxc5 Bxc5 10. Be3 Bxe3 11. fxe3 O-O 12. Nbd2 Bd7 13. O-O Rc8 14. Rac1 Qe7
15. Ne5 Qd6 16. Ndf3 Ne4 17. c4 dxc4 18. bxc4 f6 19. Nd3 Nxc4 20. Rxc4 Rxc4 21.
Nb2 Rc7 22. Nd4 Rfc8 23. Nd3 Rc3 24. Nf2 Nxf2 25. Qxf2 Qe5 26. Nf3 Qxe3 27. Qxe3
Rxe3 0-1

[Event "AUTO-OPEN-2731"]
[Site "http://www.queenalice.com/game.php?id=1116095"]
[Date "2012.10.26"]
[Round "2"]
[White "ggg09"]
[Black "Andre_ssp"]
[Result "1-0"]
[WhiteElo "2204"]
[BlackElo "1747"]

1. e4 e5 2. Nf3 Nc6 3. Bc4 d6 4. c3 a6 5. d4 exd4 6. cxd4 Nge7 7. Ng5 Be6 8.
Bxe6 fxe6 9. Qf3 Qd7 10. Qf7+ Kd8 11. Nxe6+ Kc8 12. Nxf8 Rxf8 13. Qxg7 Qd8 14.
d5 Ne5 15. O-O h5 16. Bg5 N5g6 17. Bxe7 Nxe7 18. Nc3 h4 19. Qg4+ Kb8 20. Qxh4
Ka7 21. f4 Rh8 22. Qf2+ b6 23. a4 Kb7 24. a5 b5 25. Ne2 Ng6 26. Nd4 Qf8 27. Rac1
Qh6 28. h3 Raf8 29. Ne6 Nxf4 30. Rxc7+ 1-0

[Event "AUTO-OPEN-2731"]
[Site "http://www.queenalice.com/game.php?id=1116096"]
[Date "2012.10.26"]
[Round "2"]
[White "Andre_ssp"]
[Black "ggg09"]
[Result "0-1"]
[WhiteElo "1711"]
[BlackElo "2228"]

1. e4 e6 2. b3 c5 3. Bb2 d5 4. e5 Qc7 5. a4 a6 6. d4 cxd4 7. Bxd4 Bc5 8. Bxc5
Qxc5 9. Be2 Nc6 10. Nf3 Nge7 11. O-O Ng6 12. g3 Ngxe5 13. Nxe5 Nxe5 14. a5 Bd7
15. Nd2 O-O 16. Nf3 Nxf3+ 17. Bxf3 Rac8 18. Rc1 Qxa5 19. Qd3 Rc3 20. Qe2 Bb5 21.
b4 Qxb4 22. Qd2 Bxf1 23. Kxf1 Rfc8 24. Kg2 R3c4 25. c3 Rxc3 26. Rxc3 Qxc3 27.
Qg5 b5 28. Qe7 b4 29. Bh5 g6 30. Bg4 Qd4 31. Qb7 Rc2 0-1

[Event "AUTO-OPEN-2731"]
[Site "http://www.queenalice.com/game.php?id=1116099"]
[Date "2012.10.26"]
[Round "2"]
[White "ErasmudoPorto"]
[Black "Andre_ssp"]
[Result "0-1"]
[WhiteElo "2089"]
[BlackElo "1790"]

1. e4 e5 2. Nf3 Nc6 3. Bb5 Qf6 4. O-O h5 5. Bxc6 bxc6 6. d4 d6 7. Bg5 Qg6 8.
Nbd2 Be7 9. Bxe7 Nxe7 10. dxe5 dxe5 0-1

[Event "Challenge"]
[Site "http://www.queenalice.com/game.php?id=1141615"]
[Date "2013.1.17"]
[Round "-"]
[White "Andre_ssp"]
[Black "jeancarlo1910"]
[Result "0-1"]
[WhiteElo "1765"]
[BlackElo "1753"]

1. e4 c5 2. Bc4 Nc6 3. c3 e5 4. Qf3 Nf6 5. h3 Be7 6. d3 d6 7. g4 Be6 8. Bxe6
fxe6 9. g5 Nd7 10. Qg4 O-O 11. f3 Rf7 12. g6 Rf6 0-1

[Event "Challenge"]
[Site "http://www.queenalice.com/game.php?id=1141788"]
[Date "2013.1.18"]
[Round "-"]
[White "Andre_ssp"]
[Black "ValterPinto"]
[Result "0-1"]
[WhiteElo "1678"]
[BlackElo "1734"]

1. e4 e5 2. Bc4 Nf6 3. Qf3 Be7 4. d3 O-O 5. Ne2 Nc6 6. Bg5 h6 7. Be3 d5 8. exd5
Nxd5 9. Nec3 Ndb4 10. O-O Nxc2 11. Nd2 Nxa1 12. Rxa1 Bg5 13. Bxg5 Qxg5 14. Nb3
Bg4 15. Qg3 Nd4 16. Nxd4 exd4 17. Ne4 Qg6 0-1

[Event "AUTO-INT-2384"]
[Site "http://www.queenalice.com/game.php?id=1142836"]
[Date "2013.1.20"]
[Round "3"]
[White "Andre_ssp"]
[Black "bdpq"]
[Result "0-1"]
[WhiteElo "1693"]
[BlackElo "1727"]

1. e4 d5 2. Qf3 dxe4 3. Qxe4 g6 4. Bc4 e6 5. d3 Nf6 6. Qf3 Nc6 7. Ne2 Bc5 8. Be3
Bxe3 9. Qxe3 O-O 10. c3 Ng4 11. Qg3 Nge5 12. Nd2 Nxc4 0-1

[Event "AUTO-INT-2384"]
[Site "http://www.queenalice.com/game.php?id=1142837"]
[Date "2013.1.20"]
[Round "3"]
[White "bdpq"]
[Black "Andre_ssp"]
[Result "1-0"]
[WhiteElo "1711"]
[BlackElo "1709"]

1. e4 e5 2. d4 exd4 3. Qxd4 b6 4. Qd5 c6 5. Qe5+ Ne7 6. Qf4 d5 7. exd5 Nxd5 8.
Qf3 Nd7 9. Bc4 N7f6 10. Ne2 Bc5 11. O-O Bg4 12. Qd3 O-O 13. Bg5 1-0